| 000 | 00321nam a22001217a 4500 | ||
|---|---|---|---|
| 999 |
_c514391 _d514391 |
||
| 020 | _a9789389958676 | ||
| 082 | _aA99 J199 | ||
| 100 |
_aJain, Devaki _919027 |
||
| 245 |
_aThe Brass Notebook: a memoir _cby Devaki Jain |
||
| 260 |
_aNew Delhi _bSpeaking Tree _c2020 |
||
| 300 | _a215p. | ||
| 650 |
_aJain, Devaki, 1933- _919098 |
||